| 000 | 00767nam a2200265Ia 4500 | ||
|---|---|---|---|
| 003 | OSt | ||
| 005 | 20220918205129.0 | ||
| 006 | a|||||r|||| 00| 0 | ||
| 007 | ta | ||
| 008 | 220917b |||||||| |||| 00| 0 eng d | ||
| 024 | _a115,486 | ||
| 037 | _cTextual | ||
| 040 |
_aARTS _cARTS _beng |
||
| 041 |
_2eng _aeng |
||
| 082 | _aV6,2.N60, M8 | ||
| 100 |
_aRothchild Donald Ed _9114256 |
||
| 245 | 0 |
_aPrecarious Balance _b State and society in Africa |
|
| 260 |
_aBoulder _bWestview Press _c1988 |
||
| 300 |
_a357p. _ccm. |
||
| 490 | _aAfrican modernization and development | ||
| 650 | _aHISTORY | ||
| 700 |
_a Chazan Naomi Ed. _9114257 |
||
| 942 |
_hV6,2.N60, M8 _cTEXL _2CC |
||
| 999 |
_c238815 _d238815 |
||